Integración y vulnerabilidad macroeconómica en Latinoamérica y el Caribe /
Uloženo v:
| Hlavní autor: | |
|---|---|
| Médium: | Text |
| Tagy: |
Přidat tag
Žádné tagy, Buďte první, kdo vytvoří štítek k tomuto záznamu!
|
MARC
| LEADER | 00000 a a2200000 04500 | ||
|---|---|---|---|
| 001 | 4583 | ||
| 003 | |||
| 040 | |||
| 100 | |a Reyes, Giovanni E. | ||
| 245 | |a Integración y vulnerabilidad macroeconómica en Latinoamérica y el Caribe / |c Giovanni E. Reyes | ||
| 773 | |g volumen 18, número 31; páginas 13-43 | ||
| 999 | |c 25082 |d 25082 | ||
| 773 | 0 | |0 41855 |9 10511 |a Universidad del Zulia. |d Venezuela: Universidad del Zulia; Centro Experimental de Estudios Latinoamericanos "Dr. Gastón Parra Luzardo", |o 06360 |t Cuadernos Latinoamericanos / |x 13154176 | |
